00800nam a2200217Ia 4500003000900000008004100009040001600050080001800066245011400084250001200198260002600210300002300236490003800259650004300297650004300340650001900383700003600402942000700438999001500445952012200460IN-BaIIA211028s9999 xx 000 0 eng d cIIA Library a(035)621bSAL 0aKent's mechanical engineers handbookbvol. 2cedited by Keneth J. Salisbury  a12th ed aNew YorkbWileyc1967 a[various pagings.] aWiley engineering handbook series aHandbooks-Mechanical Engineering95454 aMechanical Engineering Handbooks95455 aNASA Thesaurus aSalisbury, Keneth J., ed.95456 cBK c3068d3068 00104070aBANbBANcGENd1968-07-30g108.76l0o(035)621/ SALp3413r2021-11-05v108.76w1968-07-30yBKGRs. 108.76